| 000 | 00423cam a2200145ua 4500 | ||
|---|---|---|---|
| 041 |
_aeng _h |
||
| 082 |
_a658 _bIND/RE |
||
| 100 | _aIndradev, . | ||
| 245 |
_aResearch & development management: Concepts and techniques / _cIndradev. _hTextual Documents |
||
| 260 |
_aIndia : _bCentre for the study of Science Technology and Develoopment , _c1977. |
||
| 300 | _a160 ; . | ||
| 504 | _a | ||
| 942 | _cBK | ||
| 999 |
_c4503 _d4503 |
||